Score 0/18 Timer 03:00
0 Plays Today
Name Occupational Name % Correct
Martin Luther ______, Jr.King
97.6%
Aretha ______Franklin
92.7%
Gladys ______Knight
90.9%
Josephine ______Baker
87.5%
Rachael Leigh ______Cook
82%
Gerard ______Butler
74.4%
Karen ______Carpenter
73.8%
Cole ______Porter
73%
James Fenimore ______Cooper
72.2%
Name Occupational Name % Correct
James ______Mason
68.8%
Bob ______Barker
66.7%
Will ______Smith
65.4%
Frank ______Miller
64.8%
Ellen ______Page
55.6%
Wilbur ______Wright
50.2%
Diane ______Sawyer
50.2%
Louise ______Fletcher
44.5%
Rufus ______Wainwright
38.9%

Today's Daily Dose

Get the Picture
Which JB?

Remove Ads.
Support Sporcle.
Get the best of Sporcle when you Go Orange. This ad-free experience offers more features, more stats, and more fun while also helping to support Sporcle. Thank you for becoming a member.

You're not logged in!

Compare scores with friends on all Sporcle quizzes.
OR
Log In

Show Comments

Extras

Top Quizzes Today


Score Distribution

Your Account Isn't Verified!

In order to create a playlist on Sporcle, you need to verify the email address you used during registration. Go to your Sporcle Settings to finish the process.

Report this User

Report this user for behavior that violates our Community Guidelines.

Details: